000 00780nam a2200265Ia 4500
003 OSt
005 20220926005020.0
006 a|||||r|||| 00| 0
007 ta
008 220923b |||||||| |||| 00| 0 eng d
020 _a0803992661
037 _cGeneral Book
040 _aRTL
_cRTL
_beng
041 _2eng
_aeng
082 _aX:77.2.N9, N6
100 _aDantwala M L
_9132290
245 0 _aDilemmas of growth
_b The Indian experience Ed by
260 _a New Delhi
_bSage Publication India
_c1996
300 _a403p. Bib p 375-87
_ccm.
490 _aIndian Society of Agricultural Economics Publication
650 _a Economics
650 _aIndia
_964395
942 _hX:77.2.N9, N6
_cGB
_2CC
999 _c612767
_d612767